[Event "aut_ychb12_2008"]
[Site "Wien - JGH Brigittenau"]
[Date "2008.05.10"]
[Round "1.1"]
[White "Berger, Tobias"]
[Black "Kessler, Luca"]
[Result "0-1"]
[WhiteElo "1446"]
[BlackElo "1827"]
[PlyCount "92"]
[EventDate "2008.05.10"]

1. d4 Nf6 2. c4 g6 3. Nc3 Bg7 4. Nf3 O-O 5. e3 d6 6. Be2 Nbd7 7. O-O Re8 8. Qc2
e5 9. dxe5 dxe5 10. Rd1 c6 11. Ne4 Nxe4 12. Qxe4 Qc7 13. Bd2 Nc5 14. Qh4 a5 15.
e4 f5 16. exf5 gxf5 17. Bh6 Be6 18. Bxg7 Qxg7 19. Qg3 Qxg3 20. hxg3 e4 21. Ng5
Rad8 22. Nxe6 Nxe6 23. Rxd8 Rxd8 24. Rd1 Nd4 25. Kf1 Kf7 26. Rb1 c5 27. a3 Nb3
28. Rd1 Nd4 29. Rb1 Ra8 30. Bh5+ Ke6 31. Kg1 a4 32. Bd1 Ra6 33. Kf1 Ke5 34. Rc1
Rh6 35. Ke1 Rh1+ 36. Kd2 Nb3+ 37. Bxb3 Rxc1 38. Kxc1 axb3 39. Kd2 Kd4 40. f3
exf3 41. gxf3 Kxc4 42. Ke3 Kd5 43. Kd3 c4+ 44. Kc3 b5 45. Kd2 h5 46. Kc3 f4 0-1

[Event "aut_ychb12_2008"]
[Site "Wien - JGH Brigittenau"]
[Date "2008.05.10"]
[Round "1.2"]
[White "Menezes, Christoph"]
[Black "Kreiner, Stefan"]
[Result "1-0"]
[WhiteElo "1776"]
[BlackElo "1444"]
[PlyCount "65"]
[EventDate "2008.05.10"]

1. d4 d5 2. c4 e6 3. Nf3 Nf6 4. g3 Be7 5. Bg2 O-O 6. O-O Nbd7 7. Qc2 a6 8. Bd2
dxc4 9. Qxc4 Nb6 10. Qc2 Nbd5 11. a3 Nd7 12. e4 N5f6 13. Bf4 c5 14. dxc5 Nxc5
15. Nc3 Nh5 16. Rfd1 Qb6 17. b4 Nd7 18. Na4 Qb5 19. Bf1 Qc6 20. Qxc6 bxc6 21.
Be3 a5 22. Nd4 Bb7 23. Nb3 Ne5 24. Nxa5 Bc8 25. Kg2 g6 26. Be2 Ng7 27. Nb6 Ba6
28. Bxa6 Rxa6 29. Bd4 Bd8 30. Nbc4 Nxc4 31. Nxc4 Ne8 32. Bc5 Bf6 33. e5 1-0

[Event "aut_ychb12_2008"]
[Site "Wien - JGH Brigittenau"]
[Date "2008.05.10"]
[Round "1.3"]
[White "Guetz, Wolfgang"]
[Black "Huber, Martin Christian"]
[Result "0-1"]
[WhiteElo "1443"]
[BlackElo "1686"]
[PlyCount "52"]
[EventDate "2008.05.10"]

1. e4 e5 2. Nf3 Nc6 3. Bb5 a6 4. Ba4 Nf6 5. O-O b5 6. Bb3 Be7 7. Re1 O-O 8. c3
d5 9. exd5 Nxd5 10. d4 exd4 11. cxd4 Bg4 12. Be3 Bb4 13. Nbd2 Re8 14. Rc1 Qd6
15. a4 Re7 16. Qc2 Bxf3 17. gxf3 Na5 18. Ba2 Rae8 19. Bb1 Qg6+ 20. Qxg6 hxg6
21. Be4 Nxe3 22. fxe3 Bxd2 23. Rcd1 Bxe1 24. Rxe1 Nc4 25. b3 Nd6 26. Bd3 Rxe3
0-1

[Event "aut_ychb12_2008"]
[Site "Wien - JGH Brigittenau"]
[Date "2008.05.10"]
[Round "1.4"]
[White "Binder, Moriz"]
[Black "Liao, Kenny"]
[Result "1-0"]
[WhiteElo "1644"]
[BlackElo "1421"]
[PlyCount "87"]
[EventDate "2008.05.10"]

1. d4 d5 2. c4 e6 3. Nc3 c6 4. Nf3 Nf6 5. e3 Be7 6. Bd3 O-O 7. O-O Nbd7 8. Qc2
h6 9. b3 Qc7 10. e4 dxe4 11. Nxe4 Nxe4 12. Bxe4 Nf6 13. Bd3 Bd7 14. Bb2 Qb8 15.
Ne5 Be8 16. Bc1 h5 17. Re1 Qc7 18. a3 c5 19. dxc5 Bxc5 20. Bb2 Qb6 21. b4 Bxf2+
22. Qxf2 Qd6 23. Rad1 Qe7 24. Bd4 b6 25. c5 Qc7 26. cxb6 axb6 27. Bxb6 Qc8 28.
Bc5 Rxa3 29. Bxf8 Kxf8 30. Qc5+ Qxc5+ 31. bxc5 Nd5 32. Bc4 Nc3 33. Rd8 Ke7 34.
Rd3 Ba4 35. Ree3 Ra1+ 36. Kf2 Nd1+ 37. Rxd1 Rxd1 38. Rd3 Rc1 39. c6 Bxc6 40.
Nxc6+ Kf6 41. Rf3+ Kg6 42. Bd3+ Kh6 43. Ne5 Rd1 44. Nxf7# 1-0

[Event "aut_ychb12_2008"]
[Site "Wien - JGH Brigittenau"]
[Date "2008.05.10"]
[Round "1.5"]
[White "Froehlich, Andreas"]
[Black "Sauer, Jakob"]
[Result "0-1"]
[WhiteElo "1393"]
[BlackElo "1611"]
[PlyCount "108"]
[EventDate "2008.05.10"]

1. e4 c5 2. Nf3 Nc6 3. Bc4 d6 4. h3 Nf6 5. d3 g6 6. O-O Bg7 7. Nbd2 O-O 8. c3
Nd7 9. Nb3 Nde5 10. Bb5 Nxf3+ 11. Qxf3 Ne5 12. Qe2 a6 13. d4 axb5 14. dxe5 c4
15. Nd4 Bxe5 16. Nxb5 Be6 17. Bg5 Ra5 18. a4 Bg7 19. Rfd1 f6 20. Bh4 Qc8 21.
Bg3 Bd7 22. b4 cxb3 23. Rdb1 Bxb5 24. axb5 Rxa1 25. Rxa1 Qxc3 26. Rb1 Qc2 27.
Qd1 Qxd1+ 28. Rxd1 b2 29. f3 Rc8 30. Bf4 Rc5 31. Rb1 Rxb5 32. Bd2 f5 33. Kf1
fxe4 34. fxe4 Kf7 35. Ke2 Be5 36. Kd1 Rb3 37. Kc2 Rg3 38. Rg1 Kg8 39. Bh6 g5
40. Kb1 Kf7 41. h4 gxh4 42. Bd2 Kg6 43. Be1 Rg4 44. Rh1 Rxe4 45. Bxh4 e6 46.
Bf2 Ra4 47. Re1 Ra1+ 48. Kc2 Rxe1 49. Bxe1 Kf5 50. Bb4 Kg4 51. Ba3 Kg3 52. Bxb2
Bxb2 53. Kxb2 Kxg2 54. Kc2 h5 0-1

[Event "aut_ychb12_2008"]
[Site "Wien - JGH Brigittenau"]
[Date "2008.05.10"]
[Round "1.6"]
[White "Penz, Florian"]
[Black "Schamberger, Maximilian"]
[Result "1/2-1/2"]
[WhiteElo "1608"]
[BlackElo "1391"]
[PlyCount "82"]
[EventDate "2008.05.10"]

1. d4 d5 2. c4 e6 3. Nc3 c6 4. Nf3 Nf6 5. cxd5 exd5 6. Qc2 Be7 7. Bg5 O-O 8. e3
Nbd7 9. Bd3 Re8 10. O-O Nf8 11. Rfc1 Ne4 12. Bxe7 Qxe7 13. Rab1 Bg4 14. Ne1
Nxc3 15. Qxc3 Qg5 16. b4 a6 17. a4 Rac8 18. Qd2 Bd7 19. b5 cxb5 20. axb5 Rxc1
21. Qxc1 Rc8 22. Qd2 axb5 23. Bxb5 Bc6 24. Bxc6 bxc6 25. Rc1 Qh6 26. Nd3 Ne6
27. Nb4 Nd8 28. Nxd5 Rb8 29. Nb4 Rb7 30. Qc3 Rd7 31. h3 Rc7 32. d5 Qd6 33. dxc6
Ne6 34. Na6 Rc8 35. Rc2 Qd1+ 36. Kh2 Qd6+ 37. g3 Ng5 38. Qc5 Qd1 39. Qf5 Nf3+
40. Kg2 Ne1+ 41. Kh2 Nf3+ 1/2-1/2

[Event "aut_ychb12_2008"]
[Site "Wien - JGH Brigittenau"]
[Date "2008.05.10"]
[Round "1.7"]
[White "Wieland, Thomas"]
[Black "Hofer, Emilian"]
[Result "0-1"]
[WhiteElo "1346"]
[BlackElo "1603"]
[PlyCount "92"]
[EventDate "2008.05.10"]

1. e4 e5 2. Nf3 Nc6 3. Bc4 Bc5 4. b4 Bxb4 5. c3 Bc5 6. Qb3 Qe7 7. d4 exd4 8.
O-O Nf6 9. Re1 O-O 10. Bg5 d6 11. Bd5 dxc3 12. Nxc3 Nd4 13. Nxd4 Bxd4 14. Bxf6
Qxf6 15. e5 dxe5 16. Rf1 c6 17. Bc4 b5 18. Bd3 Bf5 19. Qc2 Bxd3 20. Qxd3 Qd8
21. Rad1 Qa5 22. Rc1 Rad8 23. Qf3 c5 24. Rc2 a6 25. Rfc1 Rfe8 26. Ne4 c4 27.
Ng5 Rf8 28. Qe4 g6 29. Qh4 h5 30. Ne4 Qb6 31. Qg5 Kg7 32. Ng3 Rh8 33. Nf5+ Kf8
34. Qe7+ Kg8 35. Qg5 e4 36. Nh6+ Kf8 37. g4 e3 38. Rf1 exf2+ 39. Rcxf2 Be3 40.
Qe5 Rxh6 41. gxh5 Rxh5 42. Qb2 Rd2 43. Qb4+ Kg8 44. Qe7 Bxf2+ 45. Rxf2 Qxf2+
46. Kh1 Rxh2# 0-1

[Event "aut_ychb12_2008"]
[Site "Wien - JGH Brigittenau"]
[Date "2008.05.10"]
[Round "1.8"]
[White "Halvax, Alexander"]
[Black "Leonhartsberger, Simon"]
[Result "1/2-1/2"]
[WhiteElo "1544"]
[BlackElo "1342"]
[PlyCount "145"]
[EventDate "2008.05.10"]

1. e4 d5 2. exd5 Nf6 3. Nc3 Nxd5 4. Nxd5 Qxd5 5. Nf3 Bf5 6. d3 e5 7. Qe2 Nc6 8.
b3 O-O-O 9. Bb2 f6 10. O-O-O Qa5 11. a4 Bb4 12. Nd2 Bc3 13. Nc4 Bxb2+ 14. Kxb2
Qd5 15. Ne3 Qd7 16. Nxf5 Qxf5 17. g3 e4 18. dxe4 Qe5+ 19. Kb1 Rxd1+ 20. Qxd1
Qxe4 21. f4 Rd8 22. Bh3+ Kb8 23. Qf1 Nb4 24. Qg2 Qe3 25. Bg4 a6 26. Bf3 Rd2 27.
Qf1 Rf2 28. Qc4 Qxf3 29. Re1 Qc6 30. Qxc6 Nxc6 31. h4 Nd4 32. Re7 Nf5 33. Re8+
Ka7 34. g4 Nxh4 35. Re7 Rxf4 36. Rxg7 Ng6 37. Rxh7 Rxg4 38. Rh6 f5 39. Rh7 c6
40. Rf7 f4 41. Kc1 Rg2 42. Kd1 Kb6 43. Rf6 Rg4 44. Ke2 Ne5 45. Rf5 Nd7 46. Kf3
Rh4 47. Rxf4 Rxf4+ 48. Kxf4 Kc5 49. Ke4 Kb4 50. Kd4 c5+ 51. Kd3 Ne5+ 52. Ke4
Nc6 53. Kd5 Ne7+ 54. Kd6 Nf5+ 55. Kc7 b5 56. Kb6 bxa4 57. bxa4 c4 58. a5 c3 59.
Kxa6 Nd4 60. Kb6 Nb5 61. a6 Ka4 62. Kc5 Ka5 63. a7 Nxa7 64. Kc4 Nb5 65. Kb3 Kb6
66. Kb4 Kc6 67. Kc4 Kb6 68. Kb4 Ka6 69. Ka4 Nd6 70. Kb4 Ne4 71. Kc4 Ka5 72. Kd4
Nf6 73. Kxc3 1/2-1/2

[Event "aut_ychb12_2008"]
[Site "Wien - JGH Brigittenau"]
[Date "2008.05.10"]
[Round "1.9"]
[White "Piwonka, Thomas"]
[Black "Nagler, Wachtang"]
[Result "1/2-1/2"]
[WhiteElo "1276"]
[BlackElo "1544"]
[PlyCount "75"]
[EventDate "2008.05.10"]

1. d4 d5 2. c4 c6 3. Nc3 Nf6 4. Nf3 g6 5. Bf4 Bg7 6. e3 O-O 7. cxd5 Nxd5 8.
Nxd5 Qxd5 9. Bd3 Qa5+ 10. Qd2 Qxd2+ 11. Nxd2 Re8 12. O-O e5 13. dxe5 Bxe5 14.
Bxe5 Rxe5 15. Nf3 Re8 16. Bc4 Be6 17. Bxe6 Rxe6 18. Ng5 Re8 19. Rfe1 Nd7 20.
Rad1 Rad8 21. h4 h6 22. Nf3 Ne5 23. Nxe5 Rxd1 24. Rxd1 Rxe5 25. Rd8+ Kg7 26.
Rd7 Rb5 27. b3 a5 28. f3 Kf6 29. Rd4 Ke6 30. Re4+ Re5 31. Ra4 g5 32. hxg5 hxg5
33. e4 f5 34. Kf2 fxe4 35. fxe4 Rc5 36. g3 g4 37. Ke3 Rc3+ 38. Kf4 1/2-1/2

[Event "aut_ychb12_2008"]
[Site "Wien - JGH Brigittenau"]
[Date "2008.05.10"]
[Round "1.10"]
[White "Gassner, Mathias"]
[Black "Nussbaumer, Laslo"]
[Result "0-1"]
[WhiteElo "1481"]
[BlackElo "1248"]
[PlyCount "66"]
[EventDate "2008.05.10"]

1. c4 e5 2. Nc3 Nf6 3. g3 Nc6 4. Bg2 Bb4 5. e3 Bxc3 6. bxc3 d6 7. Rb1 O-O 8.
Nf3 Rb8 9. Nh4 Be6 10. Qa4 d5 11. cxd5 Bxd5 12. O-O Bxg2 13. Nxg2 Nd7 14. Bb2
Nb6 15. Qg4 Qxd2 16. Rfd1 Qc2 17. f4 Qg6 18. Qf3 Nc4 19. Nh4 Qc2 20. Qf2 Qxf2+
21. Kxf2 Nxb2 22. Rxb2 exf4 23. exf4 b6 24. Rd7 Rbc8 25. Rbd2 Rfd8 26. Nf5 Kf8
27. Kf3 g6 28. Ne3 Ke8 29. R7d5 Rxd5 30. Rxd5 Rd8 31. Rxd8+ Kxd8 32. Ke4 Kd7
33. Ng4 f5+ 0-1

[Event "aut_ychb12_2008"]
[Site "Wien - JGH Brigittenau"]
[Date "2008.05.10"]
[Round "2.1"]
[White "Kessler, Luca"]
[Black "Binder, Moriz"]
[Result "1-0"]
[WhiteElo "1827"]
[BlackElo "1644"]
[PlyCount "91"]
[EventDate "2008.05.10"]

1. d4 d5 2. c4 c6 3. Nf3 Nf6 4. Nc3 e6 5. Bg5 h6 6. Bxf6 Qxf6 7. e3 Nd7 8. Bd3
dxc4 9. Bxc4 b5 10. Bd3 a6 11. O-O c5 12. d5 Bd6 13. dxe6 Qxe6 14. Be4 Rb8 15.
Bd5 Qe7 16. Ne4 Bc7 17. Qc2 O-O 18. Rac1 Rd8 19. Rfd1 Bb6 20. a4 Nf6 21. Nxf6+
Qxf6 22. axb5 axb5 23. Qb3 Bd7 24. e4 c4 25. Qc2 Bg4 26. e5 Qe7 27. Qe4 Bh5 28.
g4 Bg6 29. Qxg6 Rxd5 30. Qe4 Rdd8 31. h4 Qc5 32. Rf1 Qd5 33. Qf4 Bc7 34. g5
hxg5 35. hxg5 Re8 36. Rfe1 Rbd8 37. Rc2 Re6 38. Rd2 Qc5 39. Rxd8+ Bxd8 40. Nd4
Re8 41. g6 f6 42. Qh4 Rxe5 43. Qh7+ Kf8 44. Qg8+ Ke7 45. Rxe5+ Qxe5 46. Nc6+
1-0

[Event "aut_ychb12_2008"]
[Site "Wien - JGH Brigittenau"]
[Date "2008.05.10"]
[Round "2.2"]
[White "Sauer, Jakob"]
[Black "Menezes, Christoph"]
[Result "1/2-1/2"]
[WhiteElo "1611"]
[BlackElo "1776"]
[PlyCount "32"]
[EventDate "2008.05.10"]

1. e4 e5 2. Nf3 d6 3. Bc4 Be7 4. h3 Nf6 5. d3 O-O 6. Nc3 Nc6 7. Be3 Be6 8. Bb3
Qd7 9. Qd2 Bxb3 10. axb3 Rfd8 11. Nd5 a6 12. O-O Rac8 13. c4 Qe8 14. b4 Nxd5
15. cxd5 Nb8 16. Rfc1 Qd7 1/2-1/2

[Event "aut_ychb12_2008"]
[Site "Wien - JGH Brigittenau"]
[Date "2008.05.10"]
[Round "2.3"]
[White "Huber, Martin Christian"]
[Black "Hofer, Emilian"]
[Result "1-0"]
[WhiteElo "1686"]
[BlackElo "1603"]
[PlyCount "124"]
[EventDate "2008.05.10"]

1. d4 d5 2. c4 c6 3. Nf3 Nf6 4. Nc3 e6 5. Bg5 Be7 6. cxd5 exd5 7. Qc2 h6 8. Bh4
O-O 9. e3 Be6 10. Bd3 Nbd7 11. h3 Re8 12. O-O Rc8 13. Rab1 a6 14. b4 Bd6 15. a4
Qc7 16. Rfc1 Qd8 17. Ne2 Qe7 18. Qd2 Nf8 19. b5 axb5 20. axb5 Red8 21. bxc6
bxc6 22. Ba6 Rc7 23. Rb6 Ng6 24. Bg3 Ne4 25. Bxd6 Nxd2 26. Bxe7 Nxf3+ 27. gxf3
Nxe7 28. Kg2 Nc8 29. Rbxc6 Rxc6 30. Rxc6 Ne7 31. Rc7 Nf5 32. Nf4 Nh4+ 33. Kg3
Nf5+ 34. Kh2 Nh4 35. Nxe6 fxe6 36. f4 Rf8 37. Re7 Rf6 38. Bc8 Rg6 39. Bxe6+ Kf8
40. Rf7+ Ke8 41. Bxd5 Rd6 42. Bc4 Rg6 43. Bd5 Rd6 44. Rxg7 Rxd5 45. Rg4 Nf3+
46. Kg3 Nd2 47. Rg6 h5 48. Re6+ Kf7 49. Re5 Rd6 50. f3 Rg6+ 51. Rg5 Rxg5+ 52.
fxg5 Kg6 53. h4 Nc4 54. e4 Nd6 55. Kf4 Nf7 56. e5 Nd8 57. Ke4 Nf7 58. f4 Nd8
59. f5+ Kh7 60. d5 Nb7 61. g6+ Kg8 62. f6 Kf8 1-0

[Event "aut_ychb12_2008"]
[Site "Wien - JGH Brigittenau"]
[Date "2008.05.10"]
[Round "2.4"]
[White "Nussbaumer, Laslo"]
[Black "Penz, Florian"]
[Result "0-1"]
[WhiteElo "1248"]
[BlackElo "1608"]
[PlyCount "58"]
[EventDate "2008.05.10"]

1. e4 c5 2. Nf3 Nc6 3. d4 cxd4 4. Nxd4 e5 5. Nb5 d6 6. a4 a6 7. N5a3 Nf6 8. Nc3
Be7 9. Bg5 O-O 10. Bxf6 Bxf6 11. Bc4 Be6 12. O-O Bg5 13. Bxe6 fxe6 14. Qg4 Nd4
15. Ne2 Nxe2+ 16. Qxe2 Qf6 17. Nc4 d5 18. Nb6 Rad8 19. exd5 exd5 20. Rad1 Qxb6
21. Qxe5 Qf6 22. Rxd5 Qxe5 23. Rxe5 Bf6 24. Re3 Rd2 25. Rb3 Rxc2 26. Rxb7 Rxb2
27. Ra7 Bd4 28. Rxa6 Rfxf2 29. Rxf2 Rb1# 0-1

[Event "aut_ychb12_2008"]
[Site "Wien - JGH Brigittenau"]
[Date "2008.05.10"]
[Round "2.5"]
[White "Nagler, Wachtang"]
[Black "Halvax, Alexander"]
[Result "0-1"]
[WhiteElo "1544"]
[BlackElo "1544"]
[PlyCount "104"]
[EventDate "2008.05.10"]

1. e4 e5 2. Nf3 Nf6 3. Nc3 d6 4. Bc4 Be7 5. O-O O-O 6. d4 Bg4 7. h3 Bxf3 8.
Qxf3 exd4 9. Nd5 Nxd5 10. exd5 Bg5 11. Bxg5 Qxg5 12. Qe4 Qe5 13. Rfe1 Re8 14.
f3 a6 15. Bd3 Qxe4 16. Bxe4 Nd7 17. Rad1 Nf6 18. Rxd4 Re7 19. Bxh7+ Kf8 20. Be4
Rae8 21. b4 Nxe4 22. Rdxe4 Rxe4 23. Rxe4 Rxe4 24. fxe4 Ke7 25. Kf2 Kf6 26. Kf3
b6 27. Kf4 g5+ 28. Kf3 Ke5 29. g3 f5 30. exf5 Kxf5 31. Ke3 Ke5 32. h4 gxh4 33.
gxh4 Kxd5 34. h5 Ke6 35. h6 Kf6 36. h7 Kg7 37. h8=Q+ Kxh8 38. Kd4 c6 39. c4 Kg7
40. c5 bxc5+ 41. bxc5 d5 42. Ke5 Kf7 43. a4 a5 44. Kd4 Ke6 45. Kc3 Ke5 46. Kd3
d4 47. Kd2 Kd5 48. Kd3 Kxc5 49. Ke2 Kc4 50. Kd2 d3 51. Kc1 Kc3 52. Kd1 d2 0-1

[Event "aut_ychb12_2008"]
[Site "Wien - JGH Brigittenau"]
[Date "2008.05.10"]
[Round "2.6"]
[White "Schamberger, Maximilian"]
[Black "Piwonka, Thomas"]
[Result "1-0"]
[WhiteElo "1391"]
[BlackElo "1276"]
[PlyCount "147"]
[EventDate "2008.05.10"]

1. e4 e5 2. Nf3 Nf6 3. Nxe5 d6 4. Nf3 Nxe4 5. Nc3 Nxc3 6. dxc3 Be7 7. Be3 O-O
8. Qd2 Re8 9. O-O-O Be6 10. Kb1 Nc6 11. Bd3 Qd7 12. h4 Rad8 13. h5 Qc8 14. h6
g6 15. c4 Ne5 16. Qc3 Bf6 17. Bd4 Bg4 18. Rd2 Re6 19. Ng1 c5 20. Be3 Nf3 21.
Qb3 Nxd2+ 22. Bxd2 Rde8 23. a3 R6e7 24. Bc3 Be5 25. g3 Qc6 26. Rh4 Be6 27. f4
Bd4 28. Ne2 Qb6 29. Nxd4 cxd4 30. Qxb6 axb6 31. Bxd4 d5 32. b3 dxc4 33. bxc4
Bd7 34. Bxb6 Re1+ 35. Kb2 f5 36. c5 Ra8 37. Bc4+ Be6 38. Bd3 Bd5 39. Rh2 Ree8
40. Rd2 Kf7 41. Bxf5 Be6 42. Bd3 Re7 43. Rg2 Bd5 44. Rd2 Kf6 45. Bxg6 Rd7 46.
Bd3 Bc4 47. Kc3 Bxd3 48. Rxd3 Rxa3+ 49. Kc4 Raxd3 50. cxd3 Kg6 51. d4 Kxh6 52.
d5 Rg7 53. c6 Rxg3 54. c7 Rg8 55. Kd4 Kg6 56. Bc5 Rc8 57. Bd6 h5 58. Ke4 h4 59.
f5+ Kg5 60. Be7+ Kh6 61. Bd8 h3 62. Kf3 Ra8 63. Kg3 Ra3+ 64. Kh2 Ra2+ 65. Kxh3
Ra3+ 66. Kg2 Ra2+ 67. Kf3 Ra8 68. f6 Kg6 69. Ke4 Kf7 70. Kf5 Rc8 71. Ke5 Ra8
72. Kd6 Ke8 73. Ke6 Ra6+ 74. Kf5 1-0

[Event "aut_ychb12_2008"]
[Site "Wien - JGH Brigittenau"]
[Date "2008.05.10"]
[Round "2.7"]
[White "Leonhartsberger, Simon"]
[Black "Gassner, Mathias"]
[Result "1/2-1/2"]
[WhiteElo "1342"]
[BlackElo "1481"]
[PlyCount "87"]
[EventDate "2008.05.10"]

1. Nf3 d5 2. e4 dxe4 3. Ng5 Nf6 4. Bc4 e6 5. Nc3 Nc6 6. Ngxe4 Bd7 7. d3 Bb4 8.
Bg5 Be7 9. Qd2 O-O 10. O-O-O h6 11. Bxf6 Bxf6 12. h4 Nd4 13. Nxf6+ Qxf6 14. Ne4
Qe7 15. g4 a6 16. c3 Nc6 17. d4 b5 18. Bd3 b4 19. c4 Rfd8 20. Bb1 Rab8 21. h5
b3 22. a3 Be8 23. Qe3 Na5 24. Qc3 Nc6 25. g5 f5 26. gxf6 gxf6 27. Rhg1+ Kf7 28.
Rg6 Bd7 29. Rdg1 Rg8 30. R1g3 Rxg6 31. Rxg6 Rg8 32. Rxg8 Kxg8 33. Nc5 Bc8 34.
Qh3 f5 35. Qg2+ Qg5+ 36. Qxg5+ hxg5 37. Nxb3 Kg7 38. Bd3 Kh6 39. Be2 g4 40. f3
Kxh5 41. Kd2 e5 42. d5 Ne7 43. Ke1 Kg5 44. fxg4 1/2-1/2

[Event "aut_ychb12_2008"]
[Site "Wien - JGH Brigittenau"]
[Date "2008.05.10"]
[Round "2.8"]
[White "Liao, Kenny"]
[Black "Berger, Tobias"]
[Result "0-1"]
[WhiteElo "1421"]
[BlackElo "1446"]
[PlyCount "68"]
[EventDate "2008.05.10"]

1. e4 c5 2. Nf3 d6 3. d4 cxd4 4. Nxd4 Nf6 5. Nc3 g6 6. Be3 Bg7 7. Bc4 O-O 8.
Qd2 Re8 9. h3 Nbd7 10. g4 Ne5 11. Bb3 b6 12. f4 Ned7 13. O-O-O Nc5 14. Bd5 Nxd5
15. exd5 Bb7 16. f5 Qc8 17. Rhg1 Qd8 18. fxg6 hxg6 19. h4 e6 20. dxe6 Nxe6 21.
Nxe6 Rxe6 22. h5 gxh5 23. gxh5 Kf8 24. h6 Bh8 25. h7 Rg6 26. Bd4 Ke7 27. Rde1+
Kd7 28. Bxh8 Qxh8 29. Rh1 Bxh1 30. Rxh1 Qg7 31. Qe3 Rh8 32. Nd5 Rxh7 33. Rxh7
Qxh7 34. Qf2 Qh1+ 0-1

[Event "aut_ychb12_2008"]
[Site "Wien - JGH Brigittenau"]
[Date "2008.05.10"]
[Round "2.9"]
[White "Kreiner, Stefan"]
[Black "Froehlich, Andreas"]
[Result "1-0"]
[WhiteElo "1444"]
[BlackElo "1393"]
[PlyCount "27"]
[EventDate "2008.05.10"]

1. e4 e5 2. Nf3 Nc6 3. Bc4 Bc5 4. b4 Bxb4 5. c3 Ba5 6. d4 exd4 7. O-O Nge7 8.
Ng5 Ne5 9. Qxd4 N7c6 10. Bxf7+ Nxf7 11. Qxg7 Rf8 12. Nxh7 Rh8 13. Bg5 Ne7 14.
Nf6# 1-0

[Event "aut_ychb12_2008"]
[Site "Wien - JGH Brigittenau"]
[Date "2008.05.10"]
[Round "2.10"]
[White "Wieland, Thomas"]
[Black "Guetz, Wolfgang"]
[Result "0-1"]
[WhiteElo "1346"]
[BlackElo "1443"]
[PlyCount "98"]
[EventDate "2008.05.10"]

1. e4 d5 2. exd5 Nf6 3. c4 e6 4. dxe6 Bxe6 5. d4 Bb4+ 6. Nc3 Ne4 7. Bd2 Qxd4 8.
Nxe4 Qxe4+ 9. Ne2 Bxd2+ 10. Qxd2 O-O 11. Qd4 Bf5 12. Qxe4 Bxe4 13. Ng3 Bc6 14.
f3 Re8+ 15. Be2 Nd7 16. O-O Rad8 17. Rad1 h5 18. Rfe1 g6 19. b4 b6 20. b5 Bb7
21. Bd3 Nc5 22. Rxe8+ Rxe8 23. Bc2 Re3 24. Rd2 Kf8 25. Kf2 Rc3 26. Be4 Nxe4+
27. Nxe4 Bxe4 28. fxe4 Ke7 29. Ke2 Rxc4 30. Ke3 Rc5 31. a4 Rc4 32. Rd4 Rc2 33.
Rd2 Rxd2 34. Kxd2 Kd6 35. Kd3 Kc5 36. Kc3 f6 37. h4 g5 38. e5 fxe5 39. hxg5 Kd6
40. g6 Ke7 41. g7 Kf7 42. Kd3 Kxg7 43. Ke4 Kf6 44. g3 Ke6 45. Kf3 Kf5 46. Ke3
Kg4 47. Kf2 e4 48. Kg2 e3 49. Kf1 Kxg3 0-1

[Event "aut_ychb12_2008"]
[Site "Wien - JGH Brigittenau"]
[Date "2008.05.11"]
[Round "3.1"]
[White "Huber, Martin Christian"]
[Black "Kessler, Luca"]
[Result "1/2-1/2"]
[WhiteElo "1686"]
[BlackElo "1827"]
[PlyCount "67"]
[EventDate "2008.05.10"]

1. e4 c5 2. Nf3 d6 3. d4 cxd4 4. Nxd4 Nf6 5. Nc3 a6 6. Be3 e5 7. Nf3 h6 8. Bc4
Be6 9. Bxe6 fxe6 10. O-O Be7 11. Qd3 O-O 12. Qc4 Qc8 13. Qxc8 Rxc8 14. Rfd1 b5
15. a3 Nc6 16. Rd3 Na5 17. Rad1 Nc4 18. Bc1 Rc6 19. Nd2 Rac8 20. Nxc4 Rxc4 21.
f3 a5 22. Nxb5 Rxc2 23. Rc3 d5 24. Rxc8+ Rxc8 25. Bd2 Bc5+ 26. Kf1 Bb6 27. Rc1
Rxc1+ 28. Bxc1 dxe4 29. fxe4 Nxe4 30. Ke2 Kf7 31. Be3 Bxe3 32. Kxe3 Nc5 33.
Nd6+ Ke7 34. Nc4 1/2-1/2

[Event "aut_ychb12_2008"]
[Site "Wien - JGH Brigittenau"]
[Date "2008.05.11"]
[Round "3.2"]
[White "Menezes, Christoph"]
[Black "Schamberger, Maximilian"]
[Result "1-0"]
[WhiteElo "1776"]
[BlackElo "1391"]
[PlyCount "89"]
[EventDate "2008.05.10"]

1. d4 d5 2. c4 e6 3. Nf3 c6 4. Nc3 Nf6 5. e3 Be7 6. Qc2 Nbd7 7. g4 O-O 8. Rg1
g6 9. Bd2 Re8 10. O-O-O Rf8 11. Bd3 Ne8 12. e4 dxc4 13. Bxc4 Ng7 14. Bh6 b5 15.
Bb3 a5 16. a4 b4 17. Ne2 c5 18. h4 Ba6 19. Bc4 Bxc4 20. Qxc4 cxd4 21. Qxd4 Rc8+
22. Kb1 Bf6 23. Qxd7 Qb6 24. Be3 Qc7 25. Qxc7 Rxc7 26. Bd4 Be7 27. Rc1 Rd7 28.
Bc5 Bxc5 29. Rxc5 Ne8 30. Rgc1 Nd6 31. Ng3 Rdd8 32. Rxa5 Ra8 33. Rxa8 Rxa8 34.
Rc6 Ne8 35. Rc4 Rxa4 36. b3 Ra8 37. Rxb4 Nd6 38. e5 Ne8 39. Ne4 Rd8 40. Nf6+
Nxf6 41. exf6 Rd1+ 42. Kc2 Rd8 43. Rc4 Rb8 44. b4 Rb5 45. Rc8# 1-0

[Event "aut_ychb12_2008"]
[Site "Wien - JGH Brigittenau"]
[Date "2008.05.11"]
[Round "3.3"]
[White "Penz, Florian"]
[Black "Sauer, Jakob"]
[Result "1/2-1/2"]
[WhiteElo "1608"]
[BlackElo "1611"]
[PlyCount "53"]
[EventDate "2008.05.10"]

1. d4 d5 2. c4 c6 3. Nc3 Nf6 4. Nf3 a6 5. Ne5 b5 6. cxd5 cxd5 7. Bf4 e6 8. e3
Bd6 9. Be2 Bb7 10. O-O O-O 11. Rc1 Qb6 12. Rc2 Nbd7 13. Nxd7 Nxd7 14. Bxd6 Qxd6
15. Qd2 f5 16. f4 Rf6 17. Rfc1 Rff8 18. Nd1 Rac8 19. Nf2 Nb6 20. b3 Rxc2 21.
Rxc2 Rc8 22. Nd3 Rxc2 23. Qxc2 Nd7 24. Nc5 Nxc5 25. Qxc5 Qxc5 26. dxc5 Bc6 27.
b4 1/2-1/2

[Event "aut_ychb12_2008"]
[Site "Wien - JGH Brigittenau"]
[Date "2008.05.11"]
[Round "3.4"]
[White "Halvax, Alexander"]
[Black "Binder, Moriz"]
[Result "1-0"]
[WhiteElo "1544"]
[BlackElo "1644"]
[PlyCount "74"]
[EventDate "2008.05.10"]

1. e4 e5 2. Nf3 Nf6 3. Bc4 Bc5 4. Nc3 Nc6 5. d3 d6 6. Bg5 Bg4 7. h3 Bh5 8. Nd5
h6 9. Bxf6 gxf6 10. g4 Bg6 11. Nh4 Nb4 12. Nxb4 Bxb4+ 13. c3 Bc5 14. Qb3 Kd7
15. Nxg6 fxg6 16. Be6+ Ke7 17. Bf7 g5 18. Bg6 Qg8 19. Qxg8 Raxg8 20. Bf5 h5 21.
Ke2 hxg4 22. hxg4 c6 23. f3 d5 24. Rh5 Rxh5 25. gxh5 Rh8 26. Rh1 dxe4 27. dxe4
Kf7 28. h6 Bf8 29. h7 Bg7 30. Rd1 Rb8 31. Rd7+ Kf8 32. Bg6 Bh8 33. Rf7+ Ke8 34.
Rxb7+ Kf8 35. Rxb8+ Kg7 36. Bf5 c5 37. Rg8+ Kf7 1-0

[Event "aut_ychb12_2008"]
[Site "Wien - JGH Brigittenau"]
[Date "2008.05.11"]
[Round "3.5"]
[White "Hofer, Emilian"]
[Black "Leonhartsberger, Simon"]
[Result "1-0"]
[WhiteElo "1603"]
[BlackElo "1342"]
[PlyCount "65"]
[EventDate "2008.05.10"]

1. e4 d5 2. exd5 Nf6 3. Nf3 Nxd5 4. Bc4 Nb6 5. Bb3 Bf5 6. d4 e6 7. O-O Nc6 8.
Be3 Qf6 9. c3 Be7 10. Qd2 h6 11. h3 Qg6 12. Kh2 O-O-O 13. Qd1 Na5 14. Ne5 Bd6
15. Bf4 Bxe5 16. Bxe5 h5 17. Nd2 Qh6 18. f3 f6 19. Bg3 g5 20. Kg1 Nxb3 21. axb3
Rh7 22. Rxa7 Bd3 23. Nc4 Bxf1 24. Nxb6+ cxb6 25. Qxf1 g4 26. Qc4+ Kd7 27. Rxb7+
Ke8 28. Qxe6+ Kf8 29. Bd6+ Rxd6 30. Qxd6+ Kg8 31. Qd8+ Qf8 32. Qxf8+ Kxf8 33.
Rxh7 1-0

[Event "aut_ychb12_2008"]
[Site "Wien - JGH Brigittenau"]
[Date "2008.05.11"]
[Round "3.6"]
[White "Berger, Tobias"]
[Black "Nussbaumer, Laslo"]
[Result "1-0"]
[WhiteElo "1446"]
[BlackElo "1248"]
[PlyCount "33"]
[EventDate "2008.05.10"]

1. d4 d5 2. c4 e6 3. Nc3 Nf6 4. Nf3 Be7 5. e3 O-O 6. Bd3 b6 7. e4 dxe4 8. Nxe4
Bb7 9. Nxf6+ Bxf6 10. Be3 c5 11. dxc5 Bxb2 12. Rb1 Bc3+ 13. Ke2 Bxf3+ 14. gxf3
Bd4 15. Bxd4 Qxd4 16. Bxh7+ Kxh7 17. Qxd4 1-0

[Event "aut_ychb12_2008"]
[Site "Wien - JGH Brigittenau"]
[Date "2008.05.11"]
[Round "3.7"]
[White "Guetz, Wolfgang"]
[Black "Kreiner, Stefan"]
[Result "1-0"]
[WhiteElo "1443"]
[BlackElo "1444"]
[PlyCount "33"]
[EventDate "2008.05.10"]

1. e4 e5 2. Nf3 Nc6 3. Bb5 a6 4. Ba4 Nf6 5. O-O Be7 6. Re1 b5 7. Bb3 O-O 8. c3
d6 9. d4 Bg4 10. Qd3 Bxf3 11. gxf3 Na5 12. Bc2 c5 13. d5 Nh5 14. f4 Nxf4 15.
Bxf4 exf4 16. e5 dxe5 17. Qxh7# 1-0